| 000 | 00369nam a2200145Ia 4500 | ||
|---|---|---|---|
| 008 | 220217s9999||||xx |||||||||||||| ||und|| | ||
| 020 | _a81-7515-360-1 | ||
| 082 | _a621.381 ALI | ||
| 100 | _aAli, S.N | ||
| 245 | 0 | _aDigital electronics | |
| 250 | _a3rd | ||
| 260 |
_aGalgatia publications pvt. Ltd _bNew Delhi _c2007 |
||
| 300 | _b179 | ||
| 650 | _aELECTRONICS | ||
| 999 |
_c174599 _d174599 |
||